<?xml version="1.0" encoding="UTF-8"?>
<record
    xmlns:xsi="http://www.w3.org/2001/XMLSchema-instance"
    xsi:schemaLocation="http://www.loc.gov/MARC21/slim http://www.loc.gov/standards/marcxml/schema/MARC21slim.xsd"
    xmlns="http://www.loc.gov/MARC21/slim">

  <leader>01326nam a2200373Ia 4500</leader>
  <controlfield tag="001">028943</controlfield>
  <controlfield tag="008">221003s2010    xx            000 0 spa d</controlfield>
  <datafield tag="035" ind1=" " ind2=" ">
    <subfield code="a">CENDO_19793</subfield>
  </datafield>
  <datafield tag="041" ind1=" " ind2=" ">
    <subfield code="a">spa</subfield>
  </datafield>
  <datafield tag="084" ind1=" " ind2=" ">
    <subfield code="a">CD-10608</subfield>
  </datafield>
  <datafield tag="110" ind1=" " ind2=" ">
    <subfield code="a">SEMINARIO EUROPEO SOBRE EL EMPLEO</subfield>
    <subfield code="n">9&#xBA;</subfield>
    <subfield code="d">2009</subfield>
    <subfield code="c">Gij&#xF3;n</subfield>
    <subfield code="9">19687</subfield>
  </datafield>
  <datafield tag="245" ind1=" " ind2="0">
    <subfield code="a">Desaf&#xED;os de la crisis :</subfield>
    <subfield code="b">sin empleo no hay salida /</subfield>
    <subfield code="c">IX Seminario Europeo sobre el Empleo, organizados por la Asociaci&#xF3;n de Periodistas Europeos y el Ayuntamiento de Gij&#xF3;n; editado por Diego Carcedo y Miguel &#xC1;ngel Aguilar]</subfield>
  </datafield>
  <datafield tag="260" ind1=" " ind2=" ">
    <subfield code="a">[Madrid] :</subfield>
    <subfield code="b">Asociaci&#xF3;n de Periodistas Europeos,</subfield>
    <subfield code="c">2010</subfield>
  </datafield>
  <datafield tag="300" ind1=" " ind2=" ">
    <subfield code="a">383 p.  ;</subfield>
    <subfield code="c"> 23 cm</subfield>
  </datafield>
  <datafield tag="650" ind1=" " ind2="0">
    <subfield code="a">RECESION ECONOMICA</subfield>
    <subfield code="9">39</subfield>
  </datafield>
  <datafield tag="650" ind1=" " ind2=" ">
    <subfield code="a">POLITICA DE EMPLEO</subfield>
    <subfield code="9">112</subfield>
  </datafield>
  <datafield tag="650" ind1=" " ind2="0">
    <subfield code="a">MERCADO DE TRABAJO</subfield>
    <subfield code="9">52</subfield>
  </datafield>
  <datafield tag="650" ind1=" " ind2="0">
    <subfield code="a">CREACION DE EMPLEOS</subfield>
    <subfield code="9">425</subfield>
  </datafield>
  <datafield tag="650" ind1=" " ind2=" ">
    <subfield code="a">CONFERENCIA</subfield>
    <subfield code="9">311</subfield>
  </datafield>
  <datafield tag="650" ind1=" " ind2=" ">
    <subfield code="a">DOCUMENTO DE CONFERENCIA</subfield>
    <subfield code="9">310</subfield>
  </datafield>
  <datafield tag="650" ind1=" " ind2="0">
    <subfield code="a">EUROPA</subfield>
    <subfield code="9">139</subfield>
  </datafield>
  <datafield tag="700" ind1=" " ind2=" ">
    <subfield code="a">CARCEDO, Diego,</subfield>
    <subfield code="e">ed. lit.</subfield>
    <subfield code="9">15878</subfield>
  </datafield>
  <datafield tag="700" ind1=" " ind2=" ">
    <subfield code="a">AGUILAR, Miguel &#xC1;ngel,</subfield>
    <subfield code="e">ed. lit.</subfield>
    <subfield code="9">15877</subfield>
  </datafield>
  <datafield tag="700" ind1=" " ind2=" ">
    <subfield code="a">O&#xD1;ATE, Juan,</subfield>
    <subfield code="e">coord.</subfield>
    <subfield code="9">14720</subfield>
  </datafield>
  <datafield tag="710" ind1=" " ind2=" ">
    <subfield code="a">ASOCIACION DE PERIODISTAS EUROPEOS,</subfield>
    <subfield code="e">org</subfield>
    <subfield code="9">15879</subfield>
  </datafield>
  <datafield tag="710" ind1=" " ind2=" ">
    <subfield code="a">GIJON</subfield>
    <subfield code="b">Ayuntamiento,</subfield>
    <subfield code="e">org.</subfield>
    <subfield code="9">152</subfield>
  </datafield>
  <datafield tag="901" ind1=" " ind2=" ">
    <subfield code="a">3</subfield>
  </datafield>
  <datafield tag="903" ind1=" " ind2=" ">
    <subfield code="a">NO</subfield>
  </datafield>
  <datafield tag="904" ind1=" " ind2=" ">
    <subfield code="a">000</subfield>
  </datafield>
  <datafield tag="953" ind1=" " ind2=" ">
    <subfield code="d">2011-03-10</subfield>
    <subfield code="y">MONOGRAFIA</subfield>
    <subfield code="o">CD-10608</subfield>
  </datafield>
  <datafield tag="999" ind1=" " ind2=" ">
    <subfield code="c">19792</subfield>
    <subfield code="d">19792</subfield>
  </datafield>
  <datafield tag="910" ind1=" " ind2=" ">
    <subfield code="a">2010</subfield>
  </datafield>
  <datafield tag="942" ind1=" " ind2=" ">
    <subfield code="c">MONOGRAFIA</subfield>
  </datafield>
  <datafield tag="952" ind1=" " ind2=" ">
    <subfield code="0">0</subfield>
    <subfield code="1">0</subfield>
    <subfield code="2">ddc</subfield>
    <subfield code="4">0</subfield>
    <subfield code="7">0</subfield>
    <subfield code="a">CENDO</subfield>
    <subfield code="b">CENDO</subfield>
    <subfield code="d">2011-03-10</subfield>
    <subfield code="l">0</subfield>
    <subfield code="o">CD-10706</subfield>
    <subfield code="p">CENDO_19793</subfield>
    <subfield code="r">2022-10-05 00:00:00</subfield>
    <subfield code="w">2022-10-05</subfield>
    <subfield code="y">MONOGRAFIA</subfield>
  </datafield>
</record>
